Fin de partie
Gardado en:
| Autor Principal: | |
|---|---|
| Formato: | Libro |
| Idioma: | francés |
| Publicado: |
París
Minuit
1957
|
| Subjects: | |
| Tags: |
Engadir etiqueta
Sen Etiquetas, Sexa o primeiro en etiquetar este rexistro!
|
MARC
| LEADER | 00000nam a2200000 a 4500 | ||
|---|---|---|---|
| 001 | UCQ1496 | ||
| 003 | CL-VaPUC | ||
| 008 | 980710e19570000FR |||||||||||||||||fre|d | ||
| 082 | 0 | 4 | |a 822 |b BEC |2 21 |
| 100 | 0 | |a Beckett, Samuel |e author |9 415242 | |
| 245 | 1 | 0 | |a Fin de partie |
| 300 | |a 124 p | ||
| 942 | |c BK | ||
| 945 | |d 19980710 00:00:00 |a mvenant | ||
| 260 | |a París |b Minuit |c 1957 | ||
| 650 | 7 | |a DRAMAS IRLANDESAS |2 CL-VaPUC |9 415238 | |
| 583 | |a last modification |c 19980710 00:00:00 |k Rodrigo Vera | ||
| 999 | |c 272438 |d 272436 | ||
| 952 | |0 0 |1 0 |4 0 |6 822_000000000000000_BEC_1957 |7 0 |8 A |9 307429 |a BIBART |b BIBART |d 2019-11-20 |i 3443493 |o 822 BEC 1957 |p 3443493 |r 2025-03-13 |w 2019-11-20 |y BK |k ART | ||
| 952 | |0 0 |1 0 |4 0 |6 822_000000000000000_BEC_1957 |7 0 |8 A |9 307430 |a BIBART |b BIBART |d 2019-11-20 |i 3443795 |o 822 BEC 1957 |p 3443795 |r 2025-03-13 |w 2019-11-20 |y BK |k ART | ||